Sports Quiz

Random Sports or NCAA Quiz

Winningest NCAA Basketball Coaches Quiz Stats

 Plays Quiz Updated Mar 31, 2019

Score 0/22 Timer 06:00
4 Plays Today
Years Coach % Correct
1966-2008Bob Knight
89.4%
1975-presentMike Krzyzewski
80.3%
1962-1997Dean Smith
80.2%
1931-1972Adolph F. Rupp
56.3%
1977-presentJim Boeheim
56%
1988-presentJohn Calipari
49.1%
1973-2012Jim Calhoun
47.2%
1970-2008Eddie Sutton
28.8%
1974-2007Lute Olson
27%
1988-presentRoy Williams
25.8%
1984-presentBob Huggins
21.4%
Years Coach % Correct
1972-2002Jerry Tarkanian
17.2%
1906-1956Phog Allen
16.9%
1930-1970Henry Iba
15.1%
1962-1999Don Haskins
10.7%
1943-1984Ray Meyer
8.9%
1961-2003Lefty Driesell
8.1%
1955-2003Jim Phelan
7.5%
1963-2005Lou Henson
7.4%
1962-1999Norm Stewart
5.4%
1975-presentCliff Ellis
4.6%
1923-1964Ed Diddle
2.3%

You're not logged in!

Compare scores with friends on all Sporcle quizzes.
OR
Log In

Sporcle TV

Today on Sporcle TV


Watch our educational content, quiz creation guides, and fun videos on Sporcle TV.

Show Comments

Extras

Top Quizzes Today


Score Distribution

Your Account Isn't Verified!

In order to create a playlist on Sporcle, you need to verify the email address you used during registration. Go to your Sporcle Settings to finish the process.

Report this User

Report this user for behavior that violates our Community Guidelines.

Details: